[Event "BLR-ch (Women)"]
[Site "Belarus"]
[Date "2002.05.10"]
[Round "8"]
[White "Zagorskaya, Tatiana"]
[Black "Romanova, Inna"]
[Result "1/2-1/2"]
[WhiteElo "2164"]
[BlackElo "2244"]
[PlyCount "77"]
[EventDate "2002.??.??"]
[EventType "tourn"]
[EventRounds "11"]
[EventCountry "BLR"]
[SourceTitle "EXT 2004"]
[Source "ChessBase"]
[SourceDate "2003.11.25"]
[SourceVersion "1"]
[SourceVersionDate "2003.11.25"]
[SourceQuality "1"]

1. e4 e6 2. d4 d5 3. exd5 exd5 4. Nc3 c6 5. Bd3 Bd6 6. Nge2 Ne7 7. Bg5 Qc7 8. Qd2 Bg4 9. 0-0-0 Nd7 10. Rde1 0-0-0 11. Bf4 Bf5 12. Bxd6 Qxd6 13. Bxf5 Nxf5 14. Qd3 Qh6+ 15. Kb1 Nd6 16. b3 Rhe8 17. h3 f5 18. Rhf1 g6 19. Ng1 Ne4 20. f4 Re7 21. Nce2 Rde8 22. Nf3 c5 23. dxc5 Ndxc5 24. Qxd5 Rd7 25. Qc4 Rc7 26. Rd1 Ne6 27. Qb5 Qf8 28. Ne5 Rd8 29. Nc4 Rxd1+ 30. Rxd1 Nxf4 31. Qa5 Rxc4 32. Nxf4 Nc3+ 33. Kc1 Nxd1 34. bxc4 Ne3 35. Qxa7 Qe7 36. Qa8+ Kc7 37. Qa5+ Kb8 38. Qc3 Qe4 39. Qd3 1/2-1/2

[Event "Olympiad Women-34"]
[Site "Istanbul"]
[Date "2000.11.06"]
[Round "9.3"]
[White "Kouvatsou, Maria"]
[Black "Zagorskaya, Tatiana"]
[Result "1-0"]
[WhiteElo "2223"]
[BlackElo "2125"]
[PlyCount "43"]
[EventDate "2000.10.28"]
[EventType "team-swiss"]
[EventRounds "14"]
[EventCountry "TUR"]
[SourceTitle "EXT 2001"]
[Source "ChessBase"]
[SourceDate "2000.11.22"]
[SourceVersion "1"]
[SourceVersionDate "2000.11.22"]
[SourceQuality "1"]
[WhiteTeam "Greece (W)"]
[BlackTeam "Belarus (W)"]
[WhiteTeamCountry "GRE"]
[BlackTeamCountry "BLR"]

1. e4 e5 2. Nf3 Nc6 3. Bc4 Bc5 4. c3 Nf6 5. b4 Bb6 6. d3 d6 7. a4 a6 8. Bb3 0-0 9. Bg5 h6 10. Bh4 Qe7 11. Nbd2 Nd8 12. Nc4 Ba7 13. Ne3 c6 14. h3 g5 15. Nxg5 hxg5 16. Bxg5 Kg7 17. Ng4 Bxg4 18. hxg4 Rh8 19. Rxh8 Kxh8 20. Qf3 Kg7 21. Qh3 Kg8 22. Qh4 1-0

[Event "Olympiad Women-34"]
[Site "Istanbul"]
[Date "2000.11.04"]
[Round "7.3"]
[White "Ionescu, Irina"]
[Black "Zagorskaya, Tatiana"]
[Result "1-0"]
[WhiteElo "2304"]
[BlackElo "2125"]
[PlyCount "129"]
[EventDate "2000.10.28"]
[EventType "team-swiss"]
[EventRounds "14"]
[EventCountry "TUR"]
[SourceTitle "EXT 2001"]
[Source "ChessBase"]
[SourceDate "2000.11.22"]
[SourceVersion "1"]
[SourceVersionDate "2000.11.22"]
[SourceQuality "1"]
[WhiteTeam "Romania (W)"]
[BlackTeam "Belarus (W)"]
[WhiteTeamCountry "ROU"]
[BlackTeamCountry "BLR"]

1. e4 e6 2. d3 d5 3. Nd2 Nf6 4. Ngf3 Be7 5. g3 c5 6. Bg2 Nc6 7. 0-0 0-0 8. Re1 b5 9. e5 Ne8 10. Nf1 a5 11. h4 a4 12. a3 b4 13. N1h2 bxa3 14. bxa3 Nc7 15. Ng5 h6 16. Nh3 Nd4 17. Ng4 Nf5 18. Nf4 Rb8 19. Nh5 Kh8 20. Ne3 d4 21. Nc4 Nd5 22. Bd2 Nc3 23. Qc1 Bb7 24. Be4 Bxh4 25. Bxb7 Rxb7 26. g4 Bxf2+ 27. Kf1 Bxe1 28. Qxe1 Qh4 29. Qxh4 Nxh4 30. Kf2 Nb1 31. Nd6 Rb2 32. Nc4 Rbb8 33. Ba5 f5 34. exf6 gxf6 35. Bc7 Rb5 36. Bd6 Rf7 37. Bg3 Ng6 38. Nd6 Rfb7 39. Nxf6 R7b6 40. Nxb5 Rxb5 41. Ne4 Nc3 42. Nxc3 dxc3 43. Re1 Rb2 44. Re2 e5 45. Kf3 Ra2 46. Bf2 Rxa3 47. Bxc5 Ra1 48. Bb4 Rf1+ 49. Rf2 Rb1 50. Bxc3 a3 51. Ke2 a2 52. Rf6 Kg7 53. Ra6 Rg1 54. Kf3 Rf1+ 55. Kg2 Rc1 56. Rxa2 Kf6 57. Bd2 Nf4+ 58. Kf3 Rf1+ 59. Ke4 Rf2 60. Be3 Rf1 61. c4 Rd1 62. Ra6+ Kf7 63. Bxf4 exf4 64. Rxh6 f3 65. Rh3 1-0

[Event "Olympiad Women-32"]
[Site "Yerevan"]
[Date "1996.??.??"]
[Round "10"]
[White "Zagorskaya, Tatiana"]
[Black "Thipsay, Bagyashree Sathe"]
[Result "1-0"]
[WhiteElo "2170"]
[BlackElo "2200"]
[PlyCount "87"]
[EventDate "1996.09.15"]
[EventType "team-swiss"]
[EventRounds "14"]
[EventCountry "ARM"]
[SourceTitle "EXT 1997"]
[Source "ChessBase"]
[SourceDate "1996.11.15"]
[SourceVersion "1"]
[SourceVersionDate "1996.11.15"]
[SourceQuality "1"]

1. c4 f5 2. Nc3 Nf6 3. g3 e6 4. Bg2 Be7 5. Nf3 0-0 6. 0-0 d6 7. d3 Nbd7 8. Rb1 Qe8 9. b4 Qh5 10. e3 Ng4 11. h3 Nh6 12. Nd4 Qxd1 13. Rxd1 Nf6 14. b5 Nf7 15. a4 Rb8 16. a5 e5 17. Nc2 e4 18. d4 Bd7 19. Nb4 c6 20. bxc6 bxc6 21. Ba3 Bd8 22. a6 Ba5 23. Nba2 Rxb1 24. Rxb1 Bc8 25. c5 Bxa6 26. cxd6 Rd8 27. Bc5 Nxd6 28. Bxa7 Bd3 29. Rc1 Nd7 30. Na4 Bc4 31. N2c3 Ra8 32. Bc5 Nxc5 33. dxc5 Nb5 34. Nxe4 Bb3 35. Nec3 Bb4 36. Nxb5 Bxa4 37. Nd4 Ra5 38. Bxc6 Bxc6 39. Nxc6 Rxc5 40. Ne7+ Kf7 41. Rxc5 Bxc5 42. Nxf5 Kf6 43. Nh4 Ke5 44. Kf1 1-0

[Event "Olympiad Women-31"]
[Site "Moscow"]
[Date "1994.12.11"]
[Round "10"]
[White "Manakov, Marina"]
[Black "Zagorskaya, Tatiana"]
[Result "1-0"]
[WhiteElo "2280"]
[BlackElo "2150"]
[PlyCount "109"]
[EventDate "1994.12.01"]
[EventType "team-swiss"]
[EventRounds "14"]
[EventCountry "RUS"]
[SourceTitle "EXT 2019"]
[Source "ChessBase"]
[SourceDate "2018.10.10"]
[SourceVersion "1"]
[SourceVersionDate "2018.10.10"]
[SourceQuality "1"]
[WhiteTeam "Germany (W)"]
[BlackTeam "Belarus (W)"]
[WhiteTeamCountry "GER"]
[BlackTeamCountry "BLR"]

1. d4 d5 2. Nf3 e6 3. g3 f5 4. Bg2 Nf6 5. 0-0 Be7 6. c4 c6 7. b3 0-0 8. Ba3 Bxa3 9. Nxa3 Qe7 10. Nc2 Nbd7 11. Nce1 dxc4 12. bxc4 e5 13. e3 e4 14. Nd2 c5 15. Nc2 b6 16. a4 Ba6 17. f3 Bb7 18. fxe4 Nxe4 19. d5 Nd6 20. Qe2 Nf6 21. a5 Kh8 22. a6 Bc8 23. Qd3 Bd7 24. Rae1 Nfe4 25. Nxe4 fxe4 26. Qc3 b5 27. Rf4 b4 28. Nxb4 cxb4 29. Qxb4 Rab8 30. Qa3 Rfd8 31. Rc1 Qe5 32. c5 g5 33. Rf2 Nb5 34. Qa1 Qxa1 35. Rxa1 Kg7 36. Raf1 Rf8 37. c6 Bg4 38. Rxf8 Rxf8 39. Rxf8 Kxf8 40. Bxe4 h6 41. Bd3 Nd6 42. e4 Nf7 43. Kf2 Ke7 44. Be2 Bxe2 45. Kxe2 Kd6 46. Kd3 Ke5 47. Kc4 Nd6+ 48. Kb4 Nxe4 49. c7 Nd6 50. Kc5 Nc8 51. Kc6 Nd6 52. g4 Nc8 53. Kb7 Nd6+ 54. Kxa7 Kxd5 55. Kb8 1-0

[Event "Olympiad Women-31"]
[Site "Moscow"]
[Date "1994.12.10"]
[Round "9"]
[White "Zagorskaya, Tatiana"]
[Black "Makropoulou, Marina"]
[Result "1/2-1/2"]
[WhiteElo "2150"]
[BlackElo "2280"]
[PlyCount "140"]
[EventDate "1994.12.01"]
[EventType "team-swiss"]
[EventRounds "14"]
[EventCountry "RUS"]
[SourceTitle "EXT 2019"]
[Source "ChessBase"]
[SourceDate "2018.10.10"]
[SourceVersion "1"]
[SourceVersionDate "2018.10.10"]
[SourceQuality "1"]
[WhiteTeam "Belarus (W)"]
[BlackTeam "Greece (W)"]
[WhiteTeamCountry "BLR"]
[BlackTeamCountry "GRE"]

1. e4 c5 2. Nf3 d6 3. c3 Nf6 4. Bc4 e6 5. Qe2 a6 6. Bb3 Qc7 7. d3 Be7 8. 0-0 0-0 9. Nbd2 b5 10. Re1 Bb7 11. Bc2 Nc6 12. Nf1 Rac8 13. Ng3 Rfe8 14. Bf4 Ne5 15. Nxe5 dxe5 16. Bg5 Nd7 17. Bxe7 Rxe7 18. Rad1 Nf8 19. Qg4 Rd7 20. Nh5 Ng6 21. h4 Qd8 22. g3 Qe7 23. Qg5 Qxg5 24. hxg5 Rcd8 25. f3 Nf8 26. g4 Rd6 27. Kf2 Nd7 28. Ng3 Nb6 29. Ne2 a5 30. Rh1 Ba6 31. f4 exf4 32. e5 R6d7 33. Nxf4 Bb7 34. Rh3 g6 35. Ke2 a4 36. Rf1 b4 37. Rf2 bxc3 38. bxc3 Nd5 39. Nxd5 Rxd5 40. Re3 Bc6 41. Rf4 Ra8 42. Kd2 Rd7 43. Kc1 Rb7 44. a3 Rab8 45. Rc4 Bd5 46. Rxc5 Bb3 47. d4 Bxc2 48. Kxc2 Rb3 49. Rc7 Rxa3 50. Rf3 Ra2+ 51. Kd3 Rf8 52. Ra7 Rg2 53. Rxa4 Rxg4 54. c4 Rxg5 55. c5 Rg1 56. c6 Rc1 57. Rc4 Ra1 58. Ke4 Rc8 59. Rb3 Kf8 60. Rb7 Ke8 61. Rc3 Re1+ 62. Kd3 Rd1+ 63. Ke3 Rh1 64. Rc5 Rh3+ 65. Ke2 Ra8 66. Kf1 Rh2 67. Kg1 Rd2 68. Rc1 Rxd4 69. Rf1 Ra2 70. Rbxf7 Rg4+ 1/2-1/2

[Event "Olympiad Women-31"]
[Site "Moscow"]
[Date "1994.12.03"]
[Round "3"]
[White "Zagorskaya, Tatiana"]
[Black "Stockova, Zuzana"]
[Result "1/2-1/2"]
[WhiteElo "2150"]
[BlackElo "2170"]
[PlyCount "125"]
[EventDate "1994.12.01"]
[EventType "team-swiss"]
[EventRounds "14"]
[EventCountry "RUS"]
[SourceTitle "EXT 2019"]
[Source "ChessBase"]
[SourceDate "2018.10.10"]
[SourceVersion "1"]
[SourceVersionDate "2018.10.10"]
[SourceQuality "1"]
[WhiteTeam "Belarus (W)"]
[BlackTeam "Slovakia (W)"]
[WhiteTeamCountry "BLR"]
[BlackTeamCountry "SVK"]

1. d4 Nf6 2. c4 g6 3. Nc3 Bg7 4. Nf3 0-0 5. Bg5 h6 6. Bh4 d6 7. e3 Nbd7 8. Be2 c5 9. d5 Qa5 10. Nd2 a6 11. 0-0 Rb8 12. a4 g5 13. Bg3 Nh7 14. f4 f5 15. Qc2 Ndf6 16. fxg5 Nxg5 17. h4 Nf7 18. Bd3 Ng4 19. Rae1 Nfe5 20. Bxf5 Bxf5 21. Rxf5 Qb4 22. Rxf8+ Rxf8 23. Nce4 b5 24. axb5 axb5 25. b3 Ra8 26. cxb5 Ra3 27. Bf4 Qxb5 28. Ng3 Qa5 29. b4 cxb4 30. Qc8+ Kh7 31. Nc4 Nxc4 32. Qxg4 Qxd5 33. Nf5 Qf7 34. Nxg7 Qxg7 35. Qf5+ Qg6 36. Qd5 Ra2 37. h5 Qg7 38. Qe4+ Kh8 39. Rc1 Nb6 40. Rb1 e5 41. Bh2 b3 42. Rxb3 Ra1+ 43. Rb1 Rxb1+ 44. Qxb1 Nd7 45. Qd3 Qf6 46. Bg3 Nc5 47. Qd5 Kg7 48. Be1 Qe6 49. Qc6 Qd7 50. Qf3 Qe6 51. e4 Qf6 52. Bd2 Qe6 53. g4 Nd7 54. Kg2 Qa2 55. Qe3 Qe6 56. Kg3 Qf6 57. g5 hxg5 58. Qxg5+ Qxg5+ 59. Bxg5 Nc5 60. Kf3 Ne6 61. Kg4 Kh7 62. Be7 Nc5 63. Bxd6 1/2-1/2

[Event "EU-chT (Women) 1st"]
[Site "Debrecen"]
[Date "1992.??.??"]
[Round "1"]
[White "Bener, Anna"]
[Black "Zagorskaya, Tatiana"]
[Result "1-0"]
[WhiteElo "2060"]
[BlackElo "2120"]
[PlyCount "91"]
[EventDate "1992.11.20"]
[EventType "team-swiss"]
[EventRounds "9"]
[EventCountry "HUN"]
[SourceTitle "EXT 2020"]
[Source "ChessBase"]
[SourceDate "2019.10.17"]
[SourceVersion "1"]
[SourceVersionDate "2019.10.17"]
[SourceQuality "1"]
[WhiteTeam "Sweden (W)"]
[BlackTeam "Belarus (W)"]
[WhiteTeamCountry "SWE"]
[BlackTeamCountry "BLR"]

1. d4 Nf6 2. c4 e6 3. Nc3 d5 4. Bg5 Be7 5. cxd5 exd5 6. Qc2 c6 7. e3 h6 8. Bh4 Nbd7 9. Bd3 0-0 10. Nge2 Re8 11. 0-0-0 Qa5 12. Kb1 b5 13. f3 Nb6 14. Nc1 Nc4 15. Nb3 Qb6 16. Rhe1 a5 17. e4 a4 18. Nc5 g5 19. Bf2 a3 20. b4 Nb2 21. e5 Nh5 22. e6 Nxd3 23. exf7+ Kxf7 24. Qxd3 Ng7 25. g4 Bf6 26. Rxe8 Nxe8 27. Qh7+ Ng7 28. Re1 Ra7 29. Qxh6 Re7 30. Rxe7+ Kxe7 31. h4 gxh4 32. g5 Bf5+ 33. Kc1 Bxg5+ 34. Qxg5+ Kf7 35. Bxh4 Qc7 36. Qf6+ Kg8 37. Qd8+ Qxd8 38. Bxd8 Kh7 39. Nb1 Nh5 40. Nxa3 Nf4 41. Kd2 Kg6 42. Nc2 Bh3 43. Ne1 Kf5 44. Ned3 Ng6 45. Ke3 Bf1 46. Kf2 1-0

[Event "URS-chT Republics (Women) 2nd Group1"]
[Site "Azov"]
[Date "1991.??.??"]
[Round "1"]
[White "Ionescu, Irina"]
[Black "Zagorskaya, Tatiana"]
[Result "1-0"]
[WhiteElo "2140"]
[BlackElo "2120"]
[PlyCount "129"]
[EventDate "1991.??.??"]
[EventType "team-tourn"]
[EventRounds "5"]
[EventCountry "URS"]
[SourceTitle "EXT 2020"]
[Source "ChessBase"]
[SourceDate "2019.10.17"]
[SourceVersion "1"]
[SourceVersionDate "2019.10.17"]
[SourceQuality "1"]
[WhiteTeam "Moldova (W)"]
[BlackTeam "Belarus (W)"]
[WhiteTeamCountry "MDA"]
[BlackTeamCountry "BLR"]

1. e4 e5 2. Nf3 Nc6 3. Bc4 Bc5 4. c3 Nf6 5. d3 a6 6. Nbd2 d6 7. Bb3 Ba7 8. Nf1 Be6 9. Ng3 0-0 10. 0-0 Qd7 11. h3 d5 12. Ng5 h6 13. Nxe6 fxe6 14. Be3 Ne7 15. Bxa7 Rxa7 16. d4 exd4 17. Qxd4 Raa8 18. Rad1 c6 19. e5 Nh7 20. Bc2 Qc7 21. Qg4 Nf5 22. Bxf5 exf5 23. Nxf5 Qxe5 24. Nxh6+ Kh8 25. Rde1 Qg5 26. Qxg5 Nxg5 27. Ng4 Rae8 28. Ne5 Kh7 29. Nd7 Rh8 30. Nc5 Kg6 31. Nxb7 Rxe1 32. Rxe1 Rb8 33. Re7 Kf6 34. Rd7 Ne6 35. b3 Nf4 36. Kf1 Nd3 37. Na5 Re8 38. g3 Re1+ 39. Kg2 Re2 40. Kf3 Rxa2 41. Nxc6 Nxf2 42. Rxd5 Nxh3 43. Rd6+ Kf7 44. Ne5+ Ke7 45. Rg6 Ng1+ 46. Ke4 Ne2 47. c4 Kf8 48. Nd7+ Kf7 49. Rg5 Ra3 50. b4 Ra4 51. Ne5+ Kf8 52. Nc6 Nc3+ 53. Kd4 Na2 54. Ra5 Rxa5 55. bxa5 Ke8 56. c5 Kd7 57. Ne5+ Kc7 58. Nd3 Kc6 59. Kc4 g5 60. Kb3 Nc1+ 61. Nxc1 Kxc5 62. Kc3 Kd5 63. Kd3 Kc5 64. Ke4 Kb4 65. Kf5 1-0

[Event "URS-chT Republics (Women) 2nd Group1"]
[Site "Azov"]
[Date "1991.??.??"]
[Round "4"]
[White "Semenova, Lidia K"]
[Black "Zagorskaya, Tatiana"]
[Result "1-0"]
[WhiteElo "2305"]
[BlackElo "2120"]
[PlyCount "51"]
[EventDate "1991.??.??"]
[EventType "team-tourn"]
[EventRounds "5"]
[EventCountry "URS"]
[SourceTitle "EXT 2020"]
[Source "ChessBase"]
[SourceDate "2019.10.17"]
[SourceVersion "1"]
[SourceVersionDate "2019.10.17"]
[SourceQuality "1"]
[WhiteTeam "Ukraine (W)"]
[BlackTeam "Belarus (W)"]
[WhiteTeamCountry "UKR"]
[BlackTeamCountry "BLR"]

1. e4 e5 2. Nf3 Nc6 3. Bb5 a6 4. Ba4 Nf6 5. d3 b5 6. Bb3 Be7 7. Nc3 d6 8. Nd5 0-0 9. Nxe7+ Qxe7 10. Bg5 Bd7 11. c3 h6 12. Bh4 Nd8 13. 0-0 Ne6 14. d4 g5 15. dxe5 Nxe4 16. Bg3 dxe5 17. Nxe5 Rad8 18. Re1 Nxg3 19. hxg3 Be8 20. Qf3 Kg7 21. Ng4 Rd6 22. Ne3 Bc6 23. Nf5+ Kf6 24. Qh5 Ng7 25. Qxh6+ Kxf5 26. g4+ 1-0

[Event "URS-chT Republics 16th Group3"]
[Site "Moscow"]
[Date "1983.07.16"]
[Round "2"]
[White "Aslanian, Ludmila K"]
[Black "Zagorskaya, Tatiana"]
[Result "1-0"]
[WhiteElo "2100"]
[BlackElo "2070"]
[PlyCount "81"]
[EventDate "1983.07.15"]
[EventType "team-tourn"]
[EventRounds "5"]
[EventCountry "URS"]
[SourceTitle "EXT 2020"]
[Source "ChessBase"]
[SourceDate "2019.10.17"]
[SourceVersion "1"]
[SourceVersionDate "2019.10.17"]
[SourceQuality "1"]
[WhiteTeam "Armenia"]
[BlackTeam "Belarus"]
[WhiteTeamCountry "ARM"]
[BlackTeamCountry "BLR"]

1. e4 e6 2. d4 d5 3. Nd2 c5 4. exd5 exd5 5. Bb5+ Bd7 6. Qe2+ Be7 7. dxc5 Nf6 8. Nb3 0-0 9. Nf3 Re8 10. Be3 a6 11. Bd3 Ba4 12. Nfd4 Nbd7 13. 0-0-0 Bxb3 14. Nxb3 Nxc5 15. Nxc5 Bxc5 16. Qf3 Bxe3+ 17. fxe3 Qa5 18. Kb1 Qc5 19. Rhe1 Rac8 20. c3 Re5 21. Bc2 Rce8 22. Rd4 b5 23. a3 a5 24. Bb3 Re4 25. Rxe4 dxe4 26. Qd1 Qc7 27. Qe2 a4 28. Ba2 Rb8 29. Rd1 Rd8 30. h3 h5 31. Rd4 Rxd4 32. cxd4 Qc6 33. Qc2 Qd7 34. Qc5 Kh7 35. Kc2 Kg6 36. Kc3 Ne8 37. Bd5 Nd6 38. Kb4 f6 39. g4 hxg4 40. hxg4 Kh6 41. Be6 1-0